000 00389nam a2200145Ia 4500
008 240624s9999 xx 000 0 und d
041 _aeng
082 _a658.1 HAM
100 _aHAMPTON JOHN J
245 _aFINANCIAL DECISIONS MAKING CONCEPTS PROB
250 _a(4th ed.)
260 _c2009
_aNew Delhi
_bPrentice-Hall of India
300 _axv, : 550 : p. : cm. ; 23
365 _cRS
_b35
999 _c15005
_d15005